Państwa graniczące z Arabią Saudyjską - Statystyki

Ogólne statystyki
  • Ten quiz został rozwiązany 40 razy
  • Średni wynik to 6 z 7
Statystyki odpowiedzi
Strona Państwo % Poprawnych
Północ Irak
95%
Południe Jemen
92%
Południe Oman
92%
Wschód Katar
89%
Północ Jordania
79%
Wschód ZEA
76%
Północ Kuwejt
74%
Nie znaleziono quizów pasujących do podanych kryteriów
Rozkład punktacji
Procent ludzi z każdym wynikiem
Percentyl według liczby udzielonych odpowiedzi
Twoja historia wyników
Nie rozwiązałeś tego quizu